Highs and Lows of Agricultural Land Use Quiz Stats

 Plays Quiz not verified by Sporcle

Challenge
Share
Tweet
Embed
Score 0/30 Timer 07:00
0 Plays Today
Hint Answer % Correct
Least % of FarmlandCanada (6.5%)
87.7%
Greatest % of FarmlandUruguay (86.6%)
78.9%
Greatest % of FarmlandUnited Kingdom (70.5%)
64.9%
Least % of FarmlandSuriname (0.5%)
64.9%
Least % of FarmlandSingapore (1.0%)
64.9%
Greatest % of FarmlandSaudi Arabia (80.7%)
61.4%
Greatest % of FarmlandSouth Africa (79.0%)
61.4%
Greatest % of FarmlandNigeria (77.9%)
59.6%
Greatest % of FarmlandEl Salvador (74.5%)
59.6%
Least % of FarmlandFinland (6.8%)
59.6%
Least % of FarmlandUnited Arab Emirates (4.7%)
57.9%
Least % of FarmlandSweden (6.8%)
57.9%
Least % of FarmlandNorway (2.6%)
56.1%
Least % of FarmlandEgypt (3.6%)
54.4%
Least % of FarmlandOman (4.8%)
54.4%
Hint Answer % Correct
Least % of FarmlandQatar (5.7%)
54.4%
Least % of FarmlandBelize (7.0%)
54.4%
Greatest % of FarmlandMongolia (72.5%)
52.6%
Greatest % of FarmlandKazakhstan (76.3%)
50.9%
Least % of FarmlandBahamas (1.0%)
50.9%
Least % of FarmlandBrunei (2.3%)
49.1%
Greatest % of FarmlandMarshall Islands (72.2%)
45.6%
Least % of FarmlandSolomon Islands (3.7%)
45.6%
Greatest % of FarmlandLesotho (75.3%)
43.9%
Greatest % of FarmlandMadagascar (70.5%)
43.9%
Greatest % of FarmlandSyria (75.2%)
42.1%
Least % of FarmlandSeychelles (6.5%)
38.6%
Greatest % of FarmlandComoros (84.9%)
35.1%
Greatest % of FarmlandMoldova (72.7%)
35.1%
Greatest % of FarmlandDjibouti (73.4%)
33.3%

You're not logged in!

Compare scores with friends on all Sporcle quizzes.
Join for Free
OR
Log In

You Might Also Like...

Show Comments

Extras

Top Quizzes Today


Score Distribution

Your Account Isn't Verified!

In order to create a playlist on Sporcle, you need to verify the email address you used during registration. Go to your Sporcle Settings to finish the process.

Report this User

Report this user for behavior that violates our Community Guidelines.

Details: